| 000 | 00609nam a2200205Ia 4500 | ||
|---|---|---|---|
| 003 | GCL | ||
| 008 | 140319s9999 xx 000 0 ara d | ||
| 040 |
_aGCL / _cGCL |
||
| 082 | 0 | 4 |
_a810.9 _bع ع |
| 100 | 1 | _aعلى شلش | |
| 245 | 1 | 0 |
_aعلامات استفهام: مقالات فى الادب العربى / _cعلى شلش |
| 700 | 1 | _aعلى شلبى | |
| 260 |
_a[S.N] : _bالناشر للطباعة والنشر والتوزيع ، _c1992 |
||
| 300 | _a279 ص | ||
| 490 | _a | ||
| 650 | 0 | 4 | _aالادب العربى |
| 650 | 0 | 4 | _aالنقد |
| 650 | 0 | 4 | _aتاريخ ونقد |
| 942 |
_2ddc _cBK |
||
| 999 |
_c40828 _d40828 |
||